[Event "Titled Tuesday intern op 25th Jul Early"]
[Site "Chess.com INT"]
[Date "2023.07.25"]
[Round "4"]
[White "Delgado Kuffo, Andres"]
[Black "Lopez, Henry"]
[Result "0-1"]
[WhiteElo "2320"]
[BlackElo "2068"]
[PlyCount "76"]
[EventDate "2023.07.25"]
[EventType "swiss (blitz)"]
[EventRounds "11"]
[EventCountry "USA"]
[SourceTitle "EXT 2024"]
[Source "ChessBase"]
[SourceDate "2023.10.10"]
[SourceVersion "1"]
[SourceVersionDate "2023.10.10"]
[SourceQuality "1"]

1. e4 c5 2. Nf3 d6 3. d4 cxd4 4. Qxd4 a6 5. Bg5 Nc6 6. Qd2 h6 7. Bh4 g5 8. Bg3 Bg7 9. Nc3 Nf6 10. Rd1 Nh5 11. Be2 0-0 12. Nxg5 Nxg3 13. hxg3 hxg5 14. Qxg5 e6 15. Qh5 Re8 16. e5 Nxe5 17. Ne4 d5 18. Ng5 Qf6 19. Bd3 Nxd3+ 20. Rxd3 Qg6 21. Qh4 Bd7 22. Rf3 f6 23. Nh3 e5 24. Qb4 Qe4+ 25. Qxe4 dxe4 26. Re3 Bc6 27. g4 Rad8 28. Ng1 Kf7 29. Ne2 Kg6 30. Ng3 Bh6 31. Re2 e3 32. fxe3 e4 33. Nf5 Bg5 34. b3 Bd7 35. Nd6 Rh8 36. Rxh8 Rxh8 37. Nxe4 Bxg4 38. Rd2 Bxe3 0-1

[Event "Titled Tuesday intern op 25th Jul Early"]
[Site "Chess.com INT"]
[Date "2023.07.25"]
[Round "7"]
[White "Lopez, Henry"]
[Black "Schmakel, Sam A"]
[Result "0-1"]
[WhiteElo "2068"]
[BlackElo "2449"]
[PlyCount "74"]
[EventDate "2023.07.25"]
[EventType "swiss (blitz)"]
[EventRounds "11"]
[EventCountry "USA"]
[SourceTitle "EXT 2024"]
[Source "ChessBase"]
[SourceDate "2023.10.10"]
[SourceVersion "1"]
[SourceVersionDate "2023.10.10"]
[SourceQuality "1"]

1. d4 d5 2. Nf3 e6 3. c4 c6 4. Nc3 dxc4 5. a4 Bb4 6. e3 b5 7. Bd2 a5 8. Ne5 Nf6 9. axb5 Bxc3 10. Bxc3 cxb5 11. b3 Bb7 12. bxc4 b4 13. Qa4+ Nbd7 14. Bb2 0-0 15. Nxd7 Nxd7 16. c5 Qc7 17. f3 Bc6 18. Bb5 Bxb5 19. Qxb5 Rfb8 20. Qa4 e5 21. 0-0 exd4 22. exd4 Nf6 23. Qb3 Qc6 24. Ra4 Qd5 25. Qxd5 Nxd5 26. Rfa1 Rb5 27. Kf2 Kf8 28. g3 Ke7 29. Ke2 Kd7 30. Kd3 Kc6 31. Re1 Rbb8 32. Kc4 h5 33. Re5 Rd8 34. Rxh5 Ne3+ 35. Kd3 Nd1 36. Bc1 b3 37. Kd2 b2 0-1

[Event "Titled Tuesday intern op 02nd May Early"]
[Site "Chess.com INT"]
[Date "2023.05.02"]
[Round "10"]
[White "Kostiukov, Alexandr"]
[Black "Lopez, Henry"]
[Result "0-1"]
[WhiteElo "2271"]
[BlackElo "2088"]
[PlyCount "62"]
[EventDate "2023.05.02"]
[EventType "swiss (blitz)"]
[EventRounds "11"]
[EventCountry "USA"]
[SourceTitle "EXT 2024"]
[Source "ChessBase"]
[SourceDate "2023.10.10"]
[SourceVersion "1"]
[SourceVersionDate "2023.10.10"]
[SourceQuality "1"]

1. g3 c5 2. Bg2 Nc6 3. c4 g6 4. Nf3 Bg7 5. 0-0 e5 6. Nc3 Nge7 7. Ne1 d6 8. Nc2 0-0 9. Ne3 f5 10. Ned5 f4 11. d3 g5 12. e3 Ng6 13. Qh5 Nb4 14. Nxb4 cxb4 15. Bd5+ Kh8 16. Ne4 Bf6 17. Bd2 a5 18. a3 b3 19. Bc3 Kg7 20. gxf4 gxf4 21. Kh1 Be7 22. Rg1 Rf5 23. Qg4 Kh6 24. Qh3+ Rh5 25. Qg2 Bh3 26. Qf3 Qd7 27. exf4 Rf8 28. Bd2 Nxf4 29. Qg3 Bh4 30. Bxf4+ exf4 31. Qf3 Bd8 0-1

[Event "Titled Tuesday intern op 02nd May Early"]
[Site "Chess.com INT"]
[Date "2023.05.02"]
[Round "8"]
[White "Lopez, Henry"]
[Black "Besou, Hussain"]
[Result "0-1"]
[WhiteElo "2088"]
[BlackElo "2304"]
[PlyCount "128"]
[EventDate "2023.05.02"]
[EventType "swiss (blitz)"]
[EventRounds "11"]
[EventCountry "USA"]
[SourceTitle "EXT 2024"]
[Source "ChessBase"]
[SourceDate "2023.10.10"]
[SourceVersion "1"]
[SourceVersionDate "2023.10.10"]
[SourceQuality "1"]

1. d4 Nf6 2. Nf3 e6 3. c4 d5 4. Nc3 Bb4 5. cxd5 exd5 6. Bg5 0-0 7. e3 h6 8. Bxf6 Qxf6 9. Bd3 c6 10. 0-0 Nd7 11. Rc1 Re8 12. Qc2 Bd6 13. e4 Bf4 14. e5 Qe7 15. Rce1 h5 16. e6 fxe6 17. Bg6 Rf8 18. Bxh5 Nf6 19. Bg6 c5 20. g3 Bh6 21. Ne5 cxd4 22. Nb5 Bd7 23. Nxd4 Rac8 24. Qb3 Rc4 25. Rd1 Qd6 26. Nxd7 Nxd7 27. Qxb7 Ne5 28. Bh5 g6 29. Be2 Rb8 30. Qxa7 Rcc8 31. f4 Nc6 32. Nxc6 Qxc6 33. b3 Bf8 34. Kh1 Bc5 35. Qa6 Qxa6 36. Bxa6 Rc6 37. Bd3 Kg7 38. Rc1 Rbc8 39. Rc2 Bb4 40. Rfc1 Bc3 41. Bb5 Rc5 42. Bd7 R8c7 43. Bxe6 d4 44. Bc4 Re7 45. Kg2 Kf6 46. Rxc3 dxc3 47. Rxc3 Re2+ 48. Kf3 Rxh2 49. a4 Rb2 50. Rd3 Rc6 51. a5 Ra2 52. Rd5 Re6 53. Rb5 Rc6 54. Rb6 Rxb6 55. axb6 Ra8 56. b7 Rb8 57. Bd5 Ke7 58. Ke4 Kd6 59. Kd4 Rd8 60. b4 Rh8 61. b5 Re8 62. Bc6 Rd8 63. Ke4 Rf8 64. g4 Ke6 0-1

[Event "Titled Tuesday intern op 02nd May Early"]
[Site "Chess.com INT"]
[Date "2023.05.02"]
[Round "5"]
[White "Lopez, Henry"]
[Black "Goswami, Vedant"]
[Result "0-1"]
[WhiteElo "2088"]
[BlackElo "2034"]
[PlyCount "56"]
[EventDate "2023.05.02"]
[EventType "swiss (blitz)"]
[EventRounds "11"]
[EventCountry "USA"]
[SourceTitle "EXT 2024"]
[Source "ChessBase"]
[SourceDate "2023.10.10"]
[SourceVersion "1"]
[SourceVersionDate "2023.10.10"]
[SourceQuality "1"]

1. d4 Nf6 2. Nf3 e6 3. c4 Bb4+ 4. Nbd2 b6 5. a3 Bxd2+ 6. Qxd2 Bb7 7. Qc2 Be4 8. Qd1 c5 9. b4 Nc6 10. dxc5 bxc5 11. b5 Bxf3 12. gxf3 Nd4 13. e3 Nf5 14. Bd3 Nh4 15. Bb2 Qa5+ 16. Ke2 Ng6 17. h4 d6 18. f4 d5 19. h5 0-0-0 20. Qc2 d4 21. hxg6 hxg6 22. a4 Rhe8 23. exd4 cxd4 24. c5 e5 25. fxe5 Rxe5+ 26. Kf3 Rdd5 27. c6 Qc7 28. Rhe1 Rg5 0-1

[Event "Titled Tuesday intern op 11th Apr Early"]
[Site "Chess.com INT"]
[Date "2023.04.11"]
[Round "8"]
[White "Dishman, Stephen"]
[Black "Lopez, Henry"]
[Result "1/2-1/2"]
[WhiteElo "2267"]
[BlackElo "2088"]
[PlyCount "81"]
[EventDate "2023.04.11"]
[EventType "swiss (blitz)"]
[EventRounds "11"]
[EventCountry "USA"]
[SourceTitle "CBM 213 Extra"]
[Source "ChessBase"]
[SourceDate "2023.05.31"]
[SourceVersion "1"]
[SourceVersionDate "2023.05.31"]
[SourceQuality "1"]

1. d4 d5 2. c4 c6 3. Nf3 Nf6 4. Nbd2 Bf5 5. Nh4 Be6 6. e3 g6 7. Be2 Bg7 8. 0-0 0-0 9. Nhf3 a5 10. b3 h6 11. Bb2 Nbd7 12. a4 Ne4 13. Nxe4 dxe4 14. Nd2 f5 15. Qc2 Bf7 16. f3 exf3 17. Nxf3 Qc7 18. e4 fxe4 19. Qxe4 c5 20. Rad1 cxd4 21. Bxd4 e5 22. Be3 Nc5 23. Qc2 b6 24. Nh4 e4 25. g3 Rad8 26. Ng2 g5 27. Rxd8 Rxd8 28. Rd1 Re8 29. Bd4 Bxd4+ 30. Rxd4 e3 31. Qf5 Kg7 32. h4 Qxg3 33. hxg5 Qf2+ 34. Qxf2 exf2+ 35. Kxf2 hxg5 36. Bd1 Re6 37. Ne3 Re4 38. Rd6 Re6 39. Rd4 Re4 40. Rd6 Re6 41. Rd4 1/2-1/2

[Event "Titled Tuesday intern op 11th Apr Early"]
[Site "Chess.com INT"]
[Date "2023.04.11"]
[Round "3"]
[White "Lopez, Henry"]
[Black "Vila Dupla, Aurelio"]
[Result "1-0"]
[WhiteElo "2088"]
[BlackElo "2030"]
[PlyCount "37"]
[EventDate "2023.04.11"]
[EventType "swiss (blitz)"]
[EventRounds "11"]
[EventCountry "USA"]
[SourceTitle "CBM 213 Extra"]
[Source "ChessBase"]
[SourceDate "2023.05.31"]
[SourceVersion "1"]
[SourceVersionDate "2023.05.31"]
[SourceQuality "1"]

1. d4 Nf6 2. Nf3 g6 3. c4 Bg7 4. Nc3 d5 5. h4 dxc4 6. e4 c5 7. d5 e6 8. Bxc4 exd5 9. Nxd5 Nxd5 10. Bxd5 0-0 11. h5 Bg4 12. hxg6 hxg6 13. Qb3 Bxf3 14. Qxf3 Nc6 15. Qh3 Re8 16. Qh7+ Kf8 17. Bh6 Qxd5 18. Qxg7+ Ke7 19. exd5 1-0

[Event "Titled Tuesday intern op 11th Apr Early"]
[Site "Chess.com INT"]
[Date "2023.04.11"]
[Round "6"]
[White "Orujov, Farid"]
[Black "Lopez, Henry"]
[Result "0-1"]
[WhiteElo "2225"]
[BlackElo "2088"]
[PlyCount "56"]
[EventDate "2023.04.11"]
[EventType "swiss (blitz)"]
[EventRounds "11"]
[EventCountry "USA"]
[SourceTitle "CBM 213 Extra"]
[Source "ChessBase"]
[SourceDate "2023.05.31"]
[SourceVersion "1"]
[SourceVersionDate "2023.05.31"]
[SourceQuality "1"]

1. e4 c5 2. Nf3 d6 3. d4 cxd4 4. Nxd4 Nf6 5. Nc3 a6 6. h3 e5 7. Nde2 h5 8. Bg5 Be6 9. Bxf6 Qxf6 10. Nd5 Qd8 11. Nec3 Nd7 12. Bc4 Rc8 13. Bb3 Nc5 14. 0-0 b5 15. Qe2 g5 16. a4 g4 17. h4 Qxh4 18. axb5 g3 19. fxg3 Qxg3 20. bxa6 Bh6 21. a7 0-0 22. Qxh5 Be3+ 23. Nxe3 Qxe3+ 24. Kh2 Kg7 25. Rf3 Rh8 26. Qxh8+ Rxh8+ 27. Rh3 Bxh3 28. a8Q Bc8# 0-1

[Event "FIDE Disabilities Olym"]
[Site "Belgrade"]
[Date "2023.02.02"]
[Round "?"]
[White "Molenda, Marcin"]
[Black "Lopez, Henry"]
[Result "1-0"]
[WhiteElo "2381"]
[BlackElo "2102"]
[PlyCount "106"]
[EventDate "2023.01.30"]
[EventType "team-swiss"]
[EventRounds "6"]
[EventCountry "SRB"]
[SourceTitle "CBM 212 Extra"]
[Source "ChessBase"]
[SourceDate "2023.03.31"]
[SourceVersion "1"]
[SourceVersionDate "2023.03.31"]
[SourceQuality "1"]
[WhiteTeam "Poland"]
[BlackTeam "Philippines"]
[WhiteTeamCountry "POL"]
[BlackTeamCountry "PHI"]

1. d4 d5 2. c4 c6 3. Nc3 Nf6 4. e3 a6 5. Nf3 Bf5 6. Qb3 Ra7 7. Nh4 Be4 8. f3 Bg6 9. Bd2 e6 10. Nxg6 hxg6 11. c5 Nbd7 12. Be2 e5 13. 0-0-0 Be7 14. Kb1 Qc7 15. g3 0-0 16. Na4 a5 17. Bc3 e4 18. f4 Rb8 19. Rc1 b5 20. cxb6 Nxb6 21. Qc2 Nxa4 22. Qxa4 Qb6 23. Rc2 c5 24. dxc5 Bxc5 25. Be5 Rf8 26. Rxc5 Qxc5 27. Bd4 Qe7 28. Bxa7 Qxa7 29. Qd4 Qd7 30. h3 Rb8 31. a3 Rb3 32. g4 Qb7 33. Ka2 a4 34. Rd1 Nd7 35. Rd2 Nb6 36. Rc2 Qd7 37. Rc5 Kh7 38. h4 Kg8 39. Qe5 Qe6 40. Qxe6 fxe6 41. Rc3 Rxc3 42. bxc3 e5 43. Kb2 Nc4+ 44. Bxc4 dxc4 45. Kc2 Kf7 46. Kd2 Ke6 47. Ke2 Kf6 48. Kf2 Ke6 49. Kg2 Kf6 50. Kg3 Ke6 51. h5 Kf6 52. fxe5+ Kxe5 53. hxg6 Kd5 1-0

[Event "Titled Tuesday intern op 01st Nov Early"]
[Site "Chess.com INT"]
[Date "2022.11.01"]
[Round "1"]
[White "Jobava, Baadur"]
[Black "Lopez, Henry"]
[Result "1-0"]
[WhiteElo "2578"]
[BlackElo "2102"]
[PlyCount "123"]
[EventDate "2022.11.01"]
[EventType "swiss (blitz)"]
[EventRounds "11"]
[EventCountry "USA"]
[SourceTitle "EXT 2024"]
[Source "ChessBase"]
[SourceDate "2023.10.10"]
[SourceVersion "1"]
[SourceVersionDate "2023.10.10"]
[SourceQuality "1"]

1. b3 e5 2. Bb2 Nc6 3. Nf3 Bd6 4. e3 Nf6 5. Be2 a6 6. d3 0-0 7. Nbd2 b5 8. 0-0 Bb7 9. Re1 Re8 10. Bf1 Bf8 11. c4 b4 12. Qc2 h6 13. Rad1 d6 14. g3 Nb8 15. Bg2 Qc8 16. c5 a5 17. Rc1 dxc5 18. Nxe5 Bxg2 19. Kxg2 Qb7+ 20. e4 Nbd7 21. Nef3 a4 22. Nc4 axb3 23. axb3 Ra2 24. Qb1 Raa8 25. Qc2 Ra2 26. Ra1 Rea8 27. Rxa2 Rxa2 28. Ra1 Rxa1 29. Bxa1 Qc6 30. Bb2 Qe6 31. Nfd2 g6 32. h3 Bg7 33. f4 Nb6 34. Ne3 Nfd7 35. Bxg7 Kxg7 36. Qb2+ Kh7 37. Nf3 Qd6 38. Qc2 Qe6 39. f5 Qd6 40. h4 Ne5 41. Nxe5 Qxe5 42. Ng4 Qc3 43. Qxc3 bxc3 44. Ne3 Kg7 45. Kf3 Kf6 46. Ng4+ Kg7 47. f6+ Kh7 48. Ke2 Nd7 49. Kd1 h5 50. Ne3 Nxf6 51. Kc2 Ng4 52. Nd1 f6 53. Kxc3 g5 54. Kc4 Ne5+ 55. Kxc5 Nxd3+ 56. Kc6 Nc1 57. b4 Nd3 58. b5 Ne5+ 59. Kxc7 Nc4 60. b6 Nxb6 61. Kxb6 Kg6 62. Ne3 1-0

[Event "Titled Tuesday intern op 11th Oct Early"]
[Site "Chess.com INT"]
[Date "2022.10.11"]
[Round "10"]
[White "Lopez, Henry"]
[Black "Tristan, Leonardo"]
[Result "0-1"]
[WhiteElo "2102"]
[BlackElo "2546"]
[PlyCount "116"]
[EventDate "2022.10.11"]
[EventType "swiss (blitz)"]
[EventRounds "11"]
[EventCountry "USA"]
[SourceTitle "EXT 2024"]
[Source "ChessBase"]
[SourceDate "2023.10.10"]
[SourceVersion "1"]
[SourceVersionDate "2023.10.10"]
[SourceQuality "1"]

1. d4 d5 2. Nf3 Nf6 3. c4 e6 4. Nc3 a6 5. cxd5 exd5 6. Bg5 Be6 7. e3 Nbd7 8. Bd3 Bd6 9. Rc1 c6 10. 0-0 Qc7 11. Bh4 h6 12. Bg3 Bxg3 13. hxg3 Qd6 14. Qc2 0-0 15. Rfe1 Rfe8 16. Rcd1 Bg4 17. Bf5 Bxf5 18. Qxf5 Ne4 19. Nxe4 Rxe4 20. Nd2 Re6 21. Qc2 Rae8 22. Nf3 Nf6 23. Ne5 Ne4 24. a3 f6 25. Ng6 Kf7 26. Nf4 R6e7 27. Qe2 g6 28. Qg4 Rg8 29. Nd3 h5 30. Qf4 Qxf4 31. gxf4 h4 32. f3 Ng3 33. Kf2 Rge8 34. Nb4 a5 35. Nc2 g5 36. fxg5 fxg5 37. Rc1 Kg6 38. b4 axb4 39. axb4 Rf8 40. Kg1 g4 41. f4 Rfe8 42. b5 cxb5 43. Nb4 Rxe3 44. Rxe3 Rxe3 45. Nxd5 Rd3 46. Rc7 Rd1+ 47. Kf2 Rxd4 48. Ne7+ Kf6 49. Rxb7 Rxf4+ 50. Ke3 Rf1 51. Nd5+ Kg5 52. Rxb5 Rf5 53. Kd4 h3 54. gxh3 gxh3 55. Rb3 h2 56. Rxg3+ Kh4 57. Rg8 h1Q 58. Rh8+ Rh5 0-1

[Event "Titled Tuesday intern op 11th Oct Early"]
[Site "Chess.com INT"]
[Date "2022.10.11"]
[Round "6"]
[White "Lopez, Henry"]
[Black "Zemlyanskii, Ivan"]
[Result "0-1"]
[WhiteElo "2102"]
[BlackElo "2207"]
[PlyCount "58"]
[EventDate "2022.10.11"]
[EventType "swiss (blitz)"]
[EventRounds "11"]
[EventCountry "USA"]
[SourceTitle "EXT 2024"]
[Source "ChessBase"]
[SourceDate "2023.10.10"]
[SourceVersion "1"]
[SourceVersionDate "2023.10.10"]
[SourceQuality "1"]

1. d4 Nf6 2. Nf3 e6 3. c4 d5 4. Nc3 c6 5. Bg5 dxc4 6. e4 b5 7. e5 h6 8. Bh4 g5 9. Nxg5 hxg5 10. Bxg5 Be7 11. exf6 Bxf6 12. Bxf6 Qxf6 13. g3 Na6 14. Bg2 Bb7 15. Nxb5 cxb5 16. Bxb7 Nb4 17. 0-0 Rd8 18. a4 Rxd4 19. Qe2 Nd3 20. Bc6+ Kf8 21. axb5 Qh6 22. f3 Nc1 23. Raxc1 Rd2 24. Rc2 Rxe2 25. Rxe2 Qf6 26. Rd1 Rh5 27. f4 Rc5 28. Rc2 a6 29. b4 Rxb5 0-1

[Event "Titled Tuesday intern op 11th Oct Early"]
[Site "Chess.com INT"]
[Date "2022.10.11"]
[Round "8"]
[White "Ozen, Bahadir"]
[Black "Lopez, Henry"]
[Result "1-0"]
[WhiteElo "2369"]
[BlackElo "2102"]
[PlyCount "87"]
[EventDate "2022.10.11"]
[EventType "swiss (blitz)"]
[EventRounds "11"]
[EventCountry "USA"]
[SourceTitle "EXT 2024"]
[Source "ChessBase"]
[SourceDate "2023.10.10"]
[SourceVersion "1"]
[SourceVersionDate "2023.10.10"]
[SourceQuality "1"]

1. g3 c5 2. Bg2 Nc6 3. Nf3 g6 4. 0-0 Bg7 5. d3 e5 6. e4 Nge7 7. c3 0-0 8. a3 a5 9. a4 d6 10. Na3 h6 11. Re1 Be6 12. Nb5 Rc8 13. d4 cxd4 14. cxd4 Bc4 15. dxe5 dxe5 16. Nd6 Be6 17. Nxc8 Qxc8 18. Be3 Rd8 19. Qc2 Nb4 20. Qxc8 Rxc8 21. Rac1 Nec6 22. Bf1 Ra8 23. Bc4 Bh3 24. Red1 Bg4 25. Kg2 Re8 26. h3 Bc8 27. Nh4 g5 28. Nf5 Bxf5 29. exf5 Nd4 30. Bxd4 exd4 31. Re1 Rxe1 32. Rxe1 Kf8 33. b3 b6 34. Kf3 Nc2 35. Rc1 d3 36. Bxd3 Nd4+ 37. Ke4 Nxb3 38. Rc8+ Ke7 39. Rc7+ Kd6 40. Rxf7 Nc5+ 41. Ke3 Bb2 42. Bb5 Bc1+ 43. Ke2 Ke5 44. f6 1-0

[Event "Titled Tuesday intern op 13th Sep Early"]
[Site "Chess.com INT"]
[Date "2022.09.13"]
[Round "1"]
[White "Samsonkin, Artiom"]
[Black "Lopez, Henry"]
[Result "1/2-1/2"]
[WhiteElo "2421"]
[BlackElo "2102"]
[PlyCount "132"]
[EventDate "2022.09.13"]
[EventType "swiss (blitz)"]
[EventRounds "11"]
[EventCountry "USA"]
[SourceTitle "EXT 2023"]
[Source "ChessBase"]
[SourceDate "2022.10.05"]
[SourceVersion "1"]
[SourceVersionDate "2022.10.05"]
[SourceQuality "1"]

1. e4 c5 2. Nf3 d6 3. d4 cxd4 4. Qxd4 Nf6 5. Nc3 a6 6. Bc4 Nc6 7. Qd3 e6 8. Bf4 Qc7 9. 0-0-0 Be7 10. Bxd6 Bxd6 11. Qxd6 Qxd6 12. Rxd6 Ke7 13. Rhd1 Nd7 14. Bb3 h6 15. R6d2 g5 16. Nd4 Nxd4 17. Rxd4 b5 18. a4 bxa4 19. Nxa4 Rb8 20. Rc4 Ne5 21. Rc7+ Kf6 22. Nc5 Re8 23. Nd3 Ng6 24. e5+ Kg7 25. Re1 Re7 26. Rxe7 Nxe7 27. f4 a5 28. fxg5 hxg5 29. Re4 Ng6 30. g3 Ba6 31. Nc5 Bb5 32. h4 gxh4 33. gxh4 Bc6 34. Rg4 Kh6 35. Nd3 Bb5 36. Bc4 Bc6 37. Kd2 Rd8 38. Kc3 Bf3 39. Rd4 Rc8 40. Kb3 Bc6 41. Rd6 Nxh4 42. Ba6 Rc7 43. c4 Nf5 44. c5 Bd5+ 45. Kc3 Kg5 46. Bc4 Be4 47. Nf2 Bg2 48. Nd3 Be4 49. b4 axb4+ 50. Kxb4 Bxd3 51. Bxd3 Kf4 52. Bxf5 Kxf5 53. Kb5 Kxe5 54. Rd1 f5 55. c6 f4 56. Kb6 Rc8 57. Kb7 Rxc6 58. Kxc6 f3 59. Re1+ Kf4 60. Kd6 f2 61. Rxe6 Kf3 62. Rf6+ Kg2 63. Rg6+ Kf3 64. Rf6+ Kg2 65. Ke5 f1Q 66. Rxf1 Kxf1 1/2-1/2

[Event "Titled Tuesday intern op 13th Sep Early"]
[Site "Chess.com INT"]
[Date "2022.09.13"]
[Round "9"]
[White "Sarana, Alexey"]
[Black "Lopez, Henry"]
[Result "1-0"]
[WhiteElo "2662"]
[BlackElo "2102"]
[PlyCount "71"]
[EventDate "2022.09.13"]
[EventType "swiss (blitz)"]
[EventRounds "11"]
[EventCountry "USA"]
[SourceTitle "EXT 2023"]
[Source "ChessBase"]
[SourceDate "2022.10.05"]
[SourceVersion "1"]
[SourceVersionDate "2022.10.05"]
[SourceQuality "1"]

1. c4 Nf6 2. d4 c5 3. Nc3 cxd4 4. Qxd4 Nc6 5. Qd2 e5 6. a3 Bc5 7. e3 a5 8. Bd3 d6 9. Nge2 Be6 10. Ng3 0-0 11. 0-0 d5 12. cxd5 Nxd5 13. Nxd5 Qxd5 14. Qc2 f5 15. Rd1 Qb3 16. Qe2 e4 17. Bc2 Qb6 18. Bd2 Qxb2 19. Rdc1 Qe5 20. Ba4 Rac8 21. Bc3 Qd6 22. Nh5 Rf7 23. Rd1 Qf8 24. Qb2 b6 25. Nf4 Bd7 26. Qb3 Kh8 27. Rd2 Qe8 28. Rad1 Ne5 29. Bxd7 Nxd7 30. Qxf7 Qxf7 31. Rxd7 Qg8 32. h4 Bxa3 33. Be5 Rc1 34. Rxc1 Bxc1 35. Nh5 Qc8 36. Bxg7+ 1-0

[Event "Titled Tuesday intern op 05th Jul Early"]
[Site "Chess.com INT"]
[Date "2022.07.05"]
[Round "3"]
[White "Harvey, Marcus Ross"]
[Black "Lopez, Henry"]
[Result "1-0"]
[WhiteElo "2454"]
[BlackElo "2102"]
[PlyCount "117"]
[EventDate "2022.07.05"]
[EventType "swiss (blitz)"]
[EventRounds "11"]
[EventCountry "USA"]
[SourceTitle "CBM 209 Extra"]
[Source "ChessBase"]
[SourceDate "2022.09.30"]
[SourceVersion "1"]
[SourceVersionDate "2022.09.30"]
[SourceQuality "1"]

1. d4 Nf6 2. c4 e6 3. g3 d5 4. Bg2 c5 5. cxd5 exd5 6. Nf3 Nc6 7. 0-0 Be7 8. Nc3 0-0 9. Bg5 cxd4 10. Nxd4 Be6 11. Rc1 Rc8 12. Nxc6 bxc6 13. Na4 Nd7 14. Bxe7 Qxe7 15. a3 Rfd8 16. b4 c5 17. Qd2 cxb4 18. axb4 Ne5 19. Rxc8 Bxc8 20. Re1 d4 21. Rc1 Ba6 22. Nc5 Bb5 23. Be4 g6 24. Kg2 Kg7 25. Qb2 a6 26. Bf3 Qf6 27. Rd1 d3 28. Re1 d2 29. Rd1 Nxf3 30. Qxf6+ Kxf6 31. Kxf3 Rd4 32. Ke3 Rxb4 33. Rxd2 Rc4 34. Nxa6 Rc3+ 35. Kd4 Rc4+ 36. Ke3 Rc6 37. Nb4 Re6+ 38. Kf3 Kg7 39. e3 h5 40. h3 Re5 41. Kg2 Rc5 42. Rd4 Ba4 43. Nd3 Bc6+ 44. e4 Rc2 45. Ne5 Be8 46. Kf3 Rc3+ 47. Rd3 Rc5 48. Nd7 Rc7 49. Ne5 Re7 50. Rd5 f6 51. Nd3 Bc6 52. Rd4 f5 53. Nc5 Re5 54. Rc4 Kf6 55. Ke3 Ke7 56. f4 Rxc5 57. Rxc5 Bxe4 58. h4 Kd6 59. Kd4 1-0

[Event "Titled Tuesday intern op 31st May Early"]
[Site "Chess.com INT"]
[Date "2022.05.31"]
[Round "8"]
[White "Khamdamova, Afruza"]
[Black "Lopez, Henry"]
[Result "0-1"]
[WhiteElo "1874"]
[BlackElo "2107"]
[PlyCount "100"]
[EventDate "2022.05.31"]
[EventType "swiss (blitz)"]
[EventRounds "11"]
[EventCountry "USA"]
[SourceTitle "CBM 208 Extra"]
[Source "ChessBase"]
[SourceDate "2022.07.31"]
[SourceVersion "1"]
[SourceVersionDate "2022.07.31"]
[SourceQuality "1"]

1. e4 c5 2. Nf3 Nc6 3. d4 cxd4 4. Nxd4 Nf6 5. Nc3 e5 6. Ndb5 d6 7. Nd5 Nxd5 8. exd5 Ne7 9. c4 Nf5 10. Bd3 a6 11. Qa4 Ke7 12. Nc3 h5 13. 0-0 g6 14. f4 Bh6 15. fxe5 dxe5 16. Qa3+ Ke8 17. Bxh6 Rxh6 18. Rae1 f6 19. c5 Kf7 20. d6 Kg7 21. Nd5 Bd7 22. Nb6 Nd4 23. Nxa8 Qxa8 24. Be4 Qc8 25. b4 Rh8 26. Qg3 Nf5 27. Bxf5 Bxf5 28. Rd1 Qd7 29. Qb3 Rc8 30. a4 Be6 31. Qa3 Qc6 32. Rb1 h4 33. Qf3 Qxf3 34. Rxf3 f5 35. Rd3 Bd7 36. Ra3 Kf6 37. Kf2 e4 38. Ke3 Ke5 39. g3 g5 40. Rf1 hxg3 41. hxg3 Rf8 42. Kd2 f4 43. gxf4+ gxf4 44. Ke1 Kd4 45. Ra1 e3 46. Rd1+ Ke4 47. b5 axb5 48. axb5 f3 49. c6 bxc6 50. bxc6 f2+ 0-1